00315nam a2200133Ia 4500003000400000008004100004082001600045100002200061245004400083250000800127260002900135300000900164650000800173OSt191201s2011 xx 000 0 und d a658.22bMUM aMULLINS, Laurie J 0aManagement and Organisational Behaviour aIMP aNew DelhibPearsonc2011 a1095 aMBA